Statistiques concernant Histoire commençant par la lettre L

Cliquez ici pour prendre le quiz!

Statistiques générales

  • Ce quiz a été pris 15 727 fois
    (15 037 depuis la dernière actualisation)
  • Le résultat moyen est 10 sur 20

Statistiques - réponses

IndiceRéponse% Correct
Prénom porté par dix-huit rois de FranceLouis
100%
Langue officielle de l'Empire romainLatin
97%
Révolutionnaire russe prenant le pouvoir en octobre 1917Vladimir Ilitch Lénine
93%
Président américain pendant la guerre de Sécession, assassiné en 1865Abraham Lincoln
89%
Pays créé en 1821 par et pour des esclaves noirs américains libérésLibéria
71%
Considéré comme le père du protestantismeMartin Luther
70%
État initialement créé par la France en 1920 à la suite du démantèlement de l'Empire OttomanLiban
57%
Roi de Sparte qui aurait combattu avec 300 hommes à la bataille des ThermopylesLéonidas
50%
Région du delta du Mississipi, dénommée ainsi par Cavelier de La Salle en 1682Louisiane
47%
Force aérienne de la Wehrmacht pendant la Seconde Guerre mondialeLuftwaffe
45%
Roi belge responsable de près de 6 millions de morts pendant l'exploitation du CongoLéopold II
44%
Ce français, guillotiné pendant la terreur, est considéré comme le père de la chimie moderneAntoine Lavoisier
41%
Nom actuel de l'antique cité égyptienne de Thèbes.Louxor
31%
Ennemis de la maison de YorkMaison de Lancastre
31%
Premier pilote à relier, sans escale et en solitaire, New York à ParisCharles Lindbergh
27%
Avec W. Clark, ils donnent leur nom à la première expédition américaine
de traversée des États-Unis
Meriwether Lewis
20%
Paquebot britannique torpillé par un sous-marin allemand en 1915RMS Lusitania
20%
Peuple germanique ayant envahi l'Italie en 568Lombards
17%
Aujourd'hui située au Pakistan, cette ville a été la capitale de l'empire moghol
puis sikh pendant près de 300 ans
Lahore
15%
Explorateur écossais du XIXème siècle qui a longtemps cherché les sources du NilDavid Livingstone
12%

Distribution des résultats

Percentile par nombre de réponses

% des personnes avec chaque résultat

Votre développement - résultats

Vous n’avez pas pris ce quiz depuis la dernière actualisation